000
002940000a22001330004500
041
0
_a
ENG
082
0
4
_a
G 813.52 R6431a
100
1
_a
Roberts, Kenneth
245
1
0
_a
Arundel / Kenneth Roberts
260
_a
Garden City, N.Y., USA : Doubleday
300
_a
486 Pag
001
10858
942
_c
BK
999
_c
40283
_d
40283